| 000 | 00524nam a2200169 4500 | ||
|---|---|---|---|
| 003 | LK-CoMWRAF | ||
| 005 | 20240217000427.0 | ||
| 008 | 231211b |||||||| |||| 00| 0 eng d | ||
| 020 | _a9789559669432 | ||
| 040 |
_aLK-CoMWRAF _dLK-CoMWRAF _eLK-CoMWRAF |
||
| 041 | _atam | ||
| 082 |
_a894.811 _bKIR |
||
| 245 | _aகிராமத்து இதயம் | ||
| 260 |
_aColombo : _bMuslim Women's Research and Action Forum - MWRAF, _c2008 |
||
| 700 |
_aஜெமீல், எஸ்.எச்.எம். _ecomp. |
||
| 942 | _cBK | ||
| 999 |
_c4353 _d4353 |
||